| 000 | 00898nam a22002177a 4500 | ||
|---|---|---|---|
| 010 | _a1617CH-EN | ||
| 020 |
_a9789382607380 _cRs.175.00 Hb |
||
| 035 | _aB-641840-866 | ||
| 035 | _aB-664825 | ||
| 037 |
_aDPL _bBSB/Ven. |
||
| 082 | _aS | ||
| 100 | _aVerne, Jules | ||
| 245 |
_aA journey to the centre of the earth / _cby Jules Verne |
||
| 260 |
_aNew Delhi _bOm Kidz _c2016 |
||
| 270 |
_a4379/4B, Prakash House, Ansari Road, _bNew Delhi _e110002 |
||
| 300 |
_a237p. _bill. _c20cm(Hb) |
||
| 490 | _aOm Illustrated Classics | ||
| 942 |
_2ddc _cCH _mVER _hS |
||
| 999 |
_c100377 _d100377 |
||